01750nam a22004094a 4500001001100000003000800011006001900019007001500038008004100053010001700094020001500111040002100126035002000147050002700167082002200194245014400216260006400360300003300424490007100457504006400528533015200592650003500744650003300779650004000812650003800852650003300890650003100923650003800954650003600992651002501028651002301053655002901076700002101105710001701126830007201143856012501215ebr5002292CaPaEBRm u cr cn|||||||||000901s2001 enkab sb 001 0 eng  z 00045557  z0521801532 aCaPaEBRcCaPaEBR a(OCoLC)7073252014aHQ766.5.G7bC45 2001eb04a304.6/34/094122100aChanging family size in England and Walesh[electronic resource] :bplace, class, and demography, 1891-1911 /cEilidh Garrett ... [et al.]. aCambridge ;aNew York :bCambridge University Press,c2001. axxiii, 526 p. :bill., maps.1 aCambridge studies in population, economy, and society in past time aIncludes bibliographical references (p. 478-500) and index. aElectronic reproduction.bPalo Alto, Calif. :cebrary,d2013.nAvailable via World Wide Web.nAccess may be limited to ebrary affiliated libraries. 0aFamily sizezEnglandxHistory. 0aFamily sizezWalesxHistory. 0aFertility, HumanzEnglandxHistory. 0aFertility, HumanzWalesxHistory. 0aInfantszEnglandxMortality. 0aInfantszWalesxMortality. 0aSocial classeszEnglandxHistory. 0aSocial classeszWalesxHistory. 0aEnglandxPopulation. 0aWalesxPopulation. 7aElectronic books.2local1 aGarrett, Eilidh.2 aebrary, Inc. 0aCambridge studies in population, economy, and society in past time.40uhttp://site.ebrary.com/lib/rucke/Doc?id=5002292zAn electronic book accessible through the World Wide Web; click to view